Priemyselné a obchodné komory SRN - príklad odbúravania byrokracie štátneho aparátu

Fungovanie nemeckých priemyselných a obchodných komôr ako príklad odbúravania byrokracie štátneho aparátu v kontexte vzniku Nemecko-slovenskej priemyselnej a obchodnej komory.

Uložené v:
Podrobná bibliografia
Hlavný autor: Cvičelová, Ľubica
Ďalší autori: Mattoš, Boris, 1977-
Médium: Kapitola
Jazyk:Slovak
Predmet:
Tagy: Pridať tag
Žiadne tagy, Buďte prvý, kto otaguje tento záznam!

MARC

LEADER 00000naa$a2200000$$$4500
001 0046023
005 20240502071532.4
041 0 |a slo 
044 |a SK 
245 1 0 |a Priemyselné a obchodné komory SRN - príklad odbúravania byrokracie štátneho aparátu  |c Ľubica Cvičelová, Boris Mattoš 
520 |a Fungovanie nemeckých priemyselných a obchodných komôr ako príklad odbúravania byrokracie štátneho aparátu v kontexte vzniku Nemecko-slovenskej priemyselnej a obchodnej komory. 
610 2 0 |a Nemecko 
610 2 0 |a komory obchodné 
610 2 0 |a byrokracia 
610 2 0 |a Slovensko 
610 2 0 |a vzťahy hospodárske medzinárodné 
610 2 0 |a vzťahy politické medzinárodné 
610 2 0 |a združenia hospodárske medzinárodné 
100 1 |a Cvičelová, Ľubica 
700 1 |a Mattoš, Boris, 1977-